| 000 | 00542nam a2200145Ia 4500 | ||
|---|---|---|---|
| 008 | 170221s9999 xx 000 0 und d | ||
| 100 | _aAnatoly Vladimirovich Isaenko | ||
| 245 | _aConceptual Directions of Public Service Quality Improvement in Public Catering Companies | ||
| 245 | _cAnatoly Vladimirovich Isaenko, Aleksey Vasilievich Korolev | ||
| 260 | _bInternational Review of Management and Marketing | ||
| 260 | _cMay | ||
| 300 | _a4:2 | ||
| 650 | _xMarketing. | ||
| 856 | _uhttp://www.econjournals.com/index.php/irmm/issue/view/83 | ||
| 999 |
_c310052 _d310052 |
||